Представление документа в формате RUSMARC

ПолеНазваниеЗначение
  Тип записи c
  Библиографический уровень m
001 Контрольный номер RU/УОНБ/EK_N/555008147
005 Дата корректировки 20260417132149.9
010 Индекс ISBN __
9 Тираж 2000 экз.
013 Номер (ISMN) __
d Цена 2 р. 40 к.
071 Издательские номер (звукозапись и ноты) 21
a Номер, присвоенный агентством 9430
100 Данные общей обработки __
a Данные общей обработки 20170802d1991 u y0rusy0189 ca
101 Язык документа 0_
a Язык текста rus
f Язык титульного листа rus
102 Страна публикации __
a Страна публикации RU
125 Кодированные данные звукозаписи и нотных изданий __
a Форма изложения нотного текста z|
128 Кодированные данные (звукозаписи-физические характеристики) __
a Кодированные данные: Музыкальная форма и тональность или лад zz
c Инструменты или голоса, рекомендуемые для солистов (устаревшее) tb||
200 Заглавие и сведения об ответственности 1_
a Заглавие Вып. 40
f Первые сведения об ответственности сост. Е. Ларичев
210 Выходные данные 1_
d Дата издания 1991
215 Физическое описание __
a Объем 56 с.
327 Примечание о содержании 11
a Примечание о содержании Содерж.: Глиэр Р. Вечер. - Воронцов С. Концертная фантазия. - Мурзин В. Далекий напев. - Чайковский П. Октябрь. Осенняя песнь : из цикла "Времена года". - Высотский М. Фантазия. - Григ Э. Песня Сольвейг. - Виньяс Х. Фантазия. - Бах И. С. Куранта : из "Второй виолончельной сюиты" ; Гавот. - Таррега Ф. Этюд. - Джулиани М. Тема с вариациями. - Агуадо Д. Этюд. - Альбинони Т.-Джиазотто Р. Адажио / обраб. Х. де Аспиазу. - Две русские народные песни : из цикла "Цветы севера" : Вспомни, вспомни ; Снежки / обраб. Н. Макарова. - У зари-то, у зореньки : рус. нар. песня / обраб. Б. Киселева. - Мой костер : рус. нар. песня / обраб. Е. Ларичева
461 Уровень набора _0
1 001RU/УОНБ/EK_N/550842244
1 200
a Концертные пьесы
b Ноты
e для шестиструнной гитары
v Вып. 40
1 210
a М.
c Советский композитор
d 1991
464 Аналитический уровень _0
1 2001
a Вечер
1 700 1
a Глиэр
b Р.
464 Аналитический уровень _0
1 2001
a Концертная фантазия
1 700 1
a Воронцов
b С.
464 Аналитический уровень _0
1 2001
a Далекий напев
1 700 1
a Мурзин
b В.
464 Аналитический уровень _0
1 2001
a Октябрь
a Осенняя песнь
e из цикла "Времена года"
1 700 1
a Чайковский
b П.
1 50010
a Времена года
464 Аналитический уровень _0
1 2001
a Фантазия
1 700 1
a Высотский
b М.
464 Аналитический уровень _0
1 2001
a Песня Сольвейг
1 700 1
a Григ
b Э.
464 Аналитический уровень _0
1 2001
a Фантазия
1 700 1
a Виньяс
b Х.
464 Аналитический уровень _0
1 2001
a Куранта
e из "Второй виолончельной сюиты"
1 700 1
a Бах
b И. С.
1 50010
a Вторая виолончельная сюита
464 Аналитический уровень _0
1 2001
a Этюд
1 700 1
a Таррега
b Ф.
464 Аналитический уровень _0
1 2001
a Тема с вариациями
1 700 1
a Джулиани
b М.
464 Аналитический уровень _0
1 2001
a Этюд
1 700 1
a Агуадо
b Д.
464 Аналитический уровень _0
1 2001
a Адажио
1 700 1
a Альбинони
b Т.
1 701 1
a Джиазотто
b Р.
1 702 1
a Аспиазу де
b X.
4 030
464 Аналитический уровень _0
1 2001
a Вспомни, вспомни
e рус. нар. песня
e из цикла "Цветы севера"
1 702 1
a Макаров
b Н.
4 030
1 50010
a Цветы Севера
464 Аналитический уровень _0
1 2001
a У зари-то, у зореньки
e рус. нар. песня
1 702 1
a Киселев
b Б.
4 030
464 Аналитический уровень _0
1 2001
a Мой костер
e рус. нар. песня
1 702 1
a Ларичев
b Е.
4 030
464 Аналитический уровень _0
1 2001
a Гавот
1 700 1
a Бах
b И. С.
464 Аналитический уровень _0
1 2001
a Снежки
e рус. нар. песня
e из цикла "Цветы севера"
1 702 1
a Макаров
b Н.
4 030
1 50010
a Цветы Севера
464 Аналитический уровень _0
a Содерж. : Глиэр Р. Вечер
464 Аналитический уровень _0
a Воронцов С. Концертная фантазия
464 Аналитический уровень _0
a Мурзин В. Далекий напев
464 Аналитический уровень _0
a Чайковский П. Октябрь. Осенняя песнь : из цикла "Времена года"
464 Аналитический уровень _0
a Высотский М. Фантазия
464 Аналитический уровень _0
a Григ Э. Песня Сольвейг
464 Аналитический уровень _0
a Виньяс Х. Фантазия
464 Аналитический уровень _0
a Бах И. С. Куранта : из "Второй виолончельной сюиты" ; Гавот
464 Аналитический уровень _0
a Таррега Ф. Этюд
464 Аналитический уровень _0
a Джулиани М. Тема с вариациями
464 Аналитический уровень _0
a Агуадо Д. Этюд
464 Аналитический уровень _0
a Альбинони Т.-Джиазотто Р. Адажио / обраб. Х. де Аспиазу
464 Аналитический уровень _0
a Две русские народные песни : из цикла "Цветы севера" : Вспомни, вспомни ; Снежки / обраб. Н. Макарова
464 Аналитический уровень _0
a У зари-то, у зореньки : рус. нар. песня / обраб. Б. Киселева
464 Аналитический уровень _0
a Мой костер : рус. нар. песня / обраб. Е. Ларичева.
464 Аналитический уровень _0
a Содерж. : Глиэр Р. Вечер
464 Аналитический уровень _0
a Воронцов С. Концертная фантазия
464 Аналитический уровень _0
a Мурзин В. Далекий напев
464 Аналитический уровень _0
a Чайковский П. Октябрь. Осенняя песнь : из цикла "Времена года"
464 Аналитический уровень _0
a Высотский М. Фантазия
464 Аналитический уровень _0
a Григ Э. Песня Сольвейг
464 Аналитический уровень _0
a Виньяс Х. Фантазия
464 Аналитический уровень _0
a Бах И. С. Куранта : из "Второй виолончельной сюиты" ; Гавот
464 Аналитический уровень _0
a Таррега Ф. Этюд
464 Аналитический уровень _0
a Джулиани М. Тема с вариациями
464 Аналитический уровень _0
a Агуадо Д. Этюд
464 Аналитический уровень _0
a Альбинони Т.-Джиазотто Р. Адажио / обраб. Х. де Аспиазу
464 Аналитический уровень _0
a Две русские народные песни : из цикла "Цветы севера" : Вспомни, вспомни ; Снежки / обраб. Н. Макарова
464 Аналитический уровень _0
a У зари-то, у зореньки : рус. нар. песня / обраб. Б. Киселева
464 Аналитический уровень _0
a Мой костер : рус. нар. песня / обраб. Е. Ларичева.
464 Аналитический уровень _0
a Содерж. : Глиэр Р. Вечер
464 Аналитический уровень _0
a Воронцов С. Концертная фантазия
464 Аналитический уровень _0
a Мурзин В. Далекий напев
464 Аналитический уровень _0
a Чайковский П. Октябрь. Осенняя песнь : из цикла "Времена года"
464 Аналитический уровень _0
a Высотский М. Фантазия
464 Аналитический уровень _0
a Григ Э. Песня Сольвейг
464 Аналитический уровень _0
a Виньяс Х. Фантазия
464 Аналитический уровень _0
a Бах И. С. Куранта : из "Второй виолончельной сюиты" ; Гавот
464 Аналитический уровень _0
a Таррега Ф. Этюд
464 Аналитический уровень _0
a Джулиани М. Тема с вариациями
464 Аналитический уровень _0
a Агуадо Д. Этюд
464 Аналитический уровень _0
a Альбинони Т.-Джиазотто Р. Адажио / обраб. Х. де Аспиазу
464 Аналитический уровень _0
a Две русские народные песни : из цикла "Цветы севера" : Вспомни, вспомни ; Снежки / обраб. Н. Макарова
464 Аналитический уровень _0
a У зари-то, у зореньки : рус. нар. песня / обраб. Б. Киселева
464 Аналитический уровень _0
a Мой костер : рус. нар. песня / обраб. Е. Ларичева.
512 Заглавие обложки 1_
a Заглавие обложки Концертные пьесы
606 Тематические рубрики 0_
a Основная рубрика Гитара шестиструнная
x Основная подрубрика Концертные пьесы
610 Ключевые слова 0_
a Ключевые слова гитара шестиструнная
610 Ключевые слова 0_
a Ключевые слова концертные пьесы
686 Индексы других классификаций __
a Классификационный индекс 85.956.41я43
2 Код системы rubbk
702 Вторичная интеллектуальная ответственность _1
a Фамилия Ларичев
b Имя (инициалы) Е.
4 Код отношения 220
801 Источник записи _0
a Страна RU
b Организация Ульяновская ОНБ
c Дата составления 20170802
g Правила каталогизации RCR
801 Источник записи _1
a Страна RU
b Организация Ульяновская ОНБ
c Дата составления 20170802
g Правила каталогизации RCR
901 Тип документа __
t Тип документа n
w Контрольный № источника RU/УОНБ/EK_N/550842244
909 Создатель записи __
a Создатель записи Лобина Л. И.
910 Корректоры записи __
a Корректор записи Васина
938 Служебная информация __
a Имя БД noti
b Имя библиотеки УОНБ
c Имя АИБС МАРК-SQL
d Номер DOC_ID в БД 16655